[Event "Asia-ch Amateur"]
[Site "Muscat"]
[Date "2022.09.29"]
[Round "1"]
[White "Shahali, Milad"]
[Black "Alhassan, Meshari"]
[Result "1-0"]
[WhiteElo "1910"]
[BlackElo "1372"]
[PlyCount "69"]
[EventDate "2022.09.29"]
[EventType "swiss"]
[EventRounds "9"]
[EventCountry "OMN"]
[SourceTitle "CBM 210 Extra"]
[Source "ChessBase"]
[SourceDate "2022.11.30"]
[SourceVersion "1"]
[SourceVersionDate "2022.11.30"]
[SourceQuality "1"]

1. e4 b6 2. Nc3 Bb7 3. d4 Nf6 4. e5 Nd5 5. Nf3 e6 6. Be2 c5 7. 0-0 cxd4 8. Nb5 Nc6 9. Nbxd4 Bc5 10. Nb3 Be7 11. c4 Nc7 12. Bd2 0-0 13. Bf4 f6 14. exf6 Bxf6 15. Bd6 Be7 16. Qd2 Bxd6 17. Qxd6 Ne8 18. Qd2 Nf6 19. Rad1 Qe7 20. Nbd4 Rad8 21. Nxc6 dxc6 22. Qe3 c5 23. Ne5 Nd7 24. Nxd7 Rxd7 25. Bg4 Rf6 26. Rxd7 Qxd7 27. Rd1 Qe7 28. Qe5 Bc6 29. f4 h6 30. f5 Bd7 31. Bh3 Kf7 32. Qc7 Ke8 33. Qb8+ Qd8 34. Qxd8+ Kxd8 35. fxe6 1-0

[Event "Voronezh op-B 23rd"]
[Site "Voronezh"]
[Date "2019.06.17"]
[Round "6"]
[White "Alhassan, Meshari"]
[Black "Stepanischev, Gregory"]
[Result "0-1"]
[WhiteElo "1418"]
[BlackElo "1765"]
[PlyCount "46"]
[EventDate "2019.06.12"]
[EventType "swiss"]
[EventRounds "9"]
[EventCountry "RUS"]
[SourceTitle "EXT 2020"]
[Source "ChessBase"]
[SourceDate "2019.10.17"]
[SourceVersion "1"]
[SourceVersionDate "2019.10.17"]
[SourceQuality "1"]

1. d4 Nf6 2. Bf4 e6 3. e3 c5 4. c3 Be7 5. Nf3 0-0 6. Bd3 d6 7. 0-0 Nh5 8. Qc2 f5 9. Bg3 Nc6 10. Rd1 cxd4 11. Nxd4 Nxd4 12. exd4 g6 13. f3 Nxg3 14. hxg3 Bd7 15. Nd2 Rc8 16. Qb3 Qc7 17. Kf2 Kg7 18. f4 Bf6 19. Nf3 h6 20. Re1 Rce8 21. Re2 e5 22. dxe5 dxe5 23. Bb5 Qc5+ 0-1

[Event "Voronezh op-B 23rd"]
[Site "Voronezh"]
[Date "2019.06.12"]
[Round "1"]
[White "Usacheva, Glafira"]
[Black "Alhassan, Meshari"]
[Result "1-0"]
[WhiteElo "1866"]
[BlackElo "1418"]
[PlyCount "73"]
[EventDate "2019.06.12"]
[EventType "swiss"]
[EventRounds "9"]
[EventCountry "RUS"]
[SourceTitle "EXT 2020"]
[Source "ChessBase"]
[SourceDate "2019.10.17"]
[SourceVersion "1"]
[SourceVersionDate "2019.10.17"]
[SourceQuality "1"]

1. d4 d5 2. c4 c6 3. Nf3 Nf6 4. g3 Bf5 5. Bg2 e6 6. 0-0 Nbd7 7. b3 Be7 8. Bb2 0-0 9. Nc3 h6 10. Re1 Bb4 11. Nd2 Bxc3 12. Bxc3 Re8 13. e4 dxe4 14. Nxe4 Nxe4 15. Bxe4 Bxe4 16. Rxe4 Nf6 17. Re3 Rc8 18. Qf3 b6 19. Rd1 Nh7 20. h4 Qf6 21. Qe2 Qg6 22. d5 Nf6 23. dxe6 fxe6 24. Rxe6 Qh5 25. Qxh5 Nxh5 26. Rxe8+ Rxe8 27. Rd7 Ra8 28. g4 Nf6 29. Bxf6 gxf6 30. Rd6 Kf7 31. Rxc6 Kg7 32. h5 Rf8 33. Rc7+ Rf7 34. Rxf7+ Kxf7 35. f4 Ke6 36. Kf2 Kd6 37. g5 1-0

[Event "KUW-ch First Stage"]
[Site "Kuwait"]
[Date "2017.12.14"]
[Round "5.12"]
[White "Alhassan, Meshari"]
[Black "Mlaihan, Adel"]
[Result "1-0"]
[WhiteElo "1448"]
[BlackElo "1279"]
[PlyCount "60"]
[EventDate "2017.12.09"]
[EventType "swiss"]
[EventRounds "9"]
[EventCountry "KUW"]
[SourceTitle "EXT 2024"]
[Source "ChessBase"]
[SourceDate "2023.10.10"]
[SourceVersion "1"]
[SourceVersionDate "2023.10.10"]
[SourceQuality "1"]

1. d4 d5 2. Bf4 Bf5 3. e3 e6 4. c3 c6 5. Nf3 h6 6. Bd3 Bxd3 7. Qxd3 Be7 8. Nbd2 Nd7 9. 0-0 Ngf6 10. h3 c5 11. Qc2 c4 12. Rfe1 Nh5 13. Bh2 0-0 14. e4 Ndf6 15. exd5 Qxd5 16. a4 a5 17. Ne5 Rfc8 18. g4 Bd6 19. gxh5 Nxh5 20. Qd1 Nf6 21. Qf3 Qxf3 22. Nexf3 Bxh2+ 23. Kxh2 Nd5 24. Ne5 Nf4 25. Nexc4 Nd3 26. Re2 g5 27. Nb6 Nf4 28. Re3 Nd5 29. Nxa8 Rxa8 30. Re5 Nf4 1-0

[Event "Kuwait Hala op"]
[Site "Kuwait"]
[Date "2016.02.19"]
[Round "5"]
[White "Alhassan, Meshari"]
[Black "Alothman, Abdul Wahab"]
[Result "0-1"]
[WhiteElo "1504"]
[BlackElo "2054"]
[PlyCount "74"]
[EventDate "2016.02.17"]
[EventType "swiss"]
[EventRounds "7"]
[EventCountry "KUW"]
[SourceTitle "EXT 2018"]
[Source "ChessBase"]
[SourceDate "2017.10.13"]
[SourceVersion "1"]
[SourceVersionDate "2017.10.13"]
[SourceQuality "1"]

1. d4 d5 2. c4 e6 3. Nf3 Nf6 4. Nc3 c6 5. Bg5 Nbd7 6. e3 Bd6 7. cxd5 exd5 8. g3 h6 9. Bxf6 Qxf6 10. Bg2 Nb6 11. Nd2 Bf5 12. e4 dxe4 13. Ndxe4 Bxe4 14. Nxe4 Bb4+ 15. Nc3 0-0-0 16. 0-0 Qxd4 17. Qxd4 Rxd4 18. Ne4 f5 19. Nc3 Rd2 20. Nd1 Nc4 21. a3 Bd6 22. Rb1 Be5 23. Re1 Rhd8 24. Ne3 Nxe3 25. Rxe3 Bd4 26. Rf3 g6 27. b3 Bb6 28. h4 Ra2 29. h5 g5 30. Rxf5 Rdd2 31. Bh3 Kd8 32. Rf8+ Ke7 33. Rf3 Bxf2+ 34. Kh1 Bd4 35. Re1+ Kd6 36. Re6+ Kc7 37. Rxh6 Rh2# 0-1